00426nam a22001577a 4500020001800000082001800018100001600036245005100052260003500103300001000138490003100148650002600179650002200205650002500227650001600252 a9789348132369 aM300 7bSHA/S aShaji Jacob aSamakala streenovel vayanakal/cby Shaji Jacob aKozhikode:bAtma Books,c2024. a319p. aPusthakapadana Parampara-1 aNovel Malayalam Study aNovel Women Study aLiterature Malayalam aLiterature